000
00309 a2200109 4500
001
ART_52133
005
20260410161810.0
008
260409a
245
1
0
_a
Crisis de insolvencia
100
1
_a
Dasso, Ariel G.
773
0
_t
Doctrina Societaria y Concursal
_g
- N° 398 (ene. 2021)
_w
REV4298
999
_c
21411
_d
21411